000 00216 a2200085 4500
020 _a 9789881545237
100 _aLuc Wagner
245 _aHarmony between Architecture & Scenery
260 _bDesign Media Publishing
_c2014
999 _c13293
_d13293